| 000 | 00474nam a2200157 a 4500 | ||
|---|---|---|---|
| 005 | 20140412111230.0 | ||
| 008 | 020411s19uu xx 00 eng d | ||
| 020 | _a0-7214-1225-4 | ||
| 050 |
_aER _bVe48 1989 |
||
| 100 | _aGaneri, Anita | ||
| 245 |
_aVehicles: land, sea, air / _cwritten by Anita Ganeri; illustrated by Jeremy Gower. |
||
| 260 |
_aLeicestershire, UK : _bLadybird Books Ltd, _c1986. |
||
| 300 | _a43 p. ; ill. | ||
| 650 | _aTransportation | ||
| 999 |
_c102162 _d102162 |
||